HANDBOOK OF INFANTRY WEAPONS (Record no. 581493)

000 -LEADER
fixed length control field 00218nam a22000977a 4500
082 ## - DEWEY DECIMAL CLASSIFICATION NUMBER
Classification number 623.44 HAN'D
245 ## - TITLE STATEMENT
Title HANDBOOK OF INFANTRY WEAPONS
260 ## - PUBLICATION, DISTRIBUTION, ETC.
Place of publication, distribution, etc. QUETTA
Name of publisher, distributor, etc. TECHNICAL WING
Date of publication, distribution, etc. 1960
300 ## - PHYSICAL DESCRIPTION
Extent 16.9P
942 ## - ADDED ENTRY ELEMENTS (KOHA)
Koha item type Book
Holdings
Withdrawn status Lost status Damaged status Not for loan Permanent Location Current Location Shelving location Date acquired Total Checkouts Full call number Barcode Date last seen Price effective from Koha item type
        College of Electrical & Mechanical Engineering (CEME) College of Electrical & Mechanical Engineering (CEME) General Stacks 05/25/2017   623.44 HAN'D CEME-11473 06/28/2021 06/28/2021 Book
© 2023 Central Library, National University of Sciences and Technology. All Rights Reserved.